| 000 | 02115cam a2200313 i 4500 | ||
|---|---|---|---|
| 003 | SA-RiAUC | ||
| 005 | 20251021065641.0 | ||
| 008 | 251004s1993 ua f 000r0 ara c | ||
| 040 |
_aSuRiAST _bara _cSA-RiAUC _erda |
||
| 043 |
_af-mr--- _af-ae--- |
||
| 082 | 0 | 4 |
_a363.3492 _qSA-RiAUC |
| 090 |
_a363.3492 _bا ح ي |
||
| 100 | 1 |
_aالأحيدب، إبراهيم بن سليمان بن حسن، _d1371 هجري- _eمؤلف. |
|
| 245 | 1 | 2 |
_aالكوارث الطبيعية وكيفية مواجهتها : _bدراسة جغرافية / _cإبراهيم بن سليمان الأحيدب. |
| 264 | 1 |
_aالجيزة، مصر : _bهجر للطباعة والنشر والتوزيع والإعلان، _c1993 |
|
| 300 |
_a135صفحة؛ _c24 سم. |
||
| 336 |
_aنص _btxt _2rdacontent _3كتاب |
||
| 337 |
_aبدون وسيط _bn _2rdamedia |
||
| 338 |
_aمجلد _bnc _2rdacarrier |
||
| 520 | 2 | _aيتناول الكتاب الآتي : المخاطر الطبيعية-أنواع المخاطر الطبيعية-متى يكون الحدث الطبيعي خطرا-الفائدة من الحوادث الطبيعية-مواجهة الإنسان للمخاطر الطبيعية-أمثلة للمخاطر الطبيعية ويشمل : البراكين-الزلازل والهزات الأرضية-الهزات الأرضية الطبيعية-قياس قوة الزلازل-زلزال الأصناف في الجزائر-زلزال أغادير في المغرب-زلزال العواصف والأعاصير-الأعاصير المدارية-الترنادو-الرياح الموسمية-السيول والفيضانات-الموجات الهوائية الباردة والحارة-الحرائق. | |
| 650 | 7 |
_aالكوارث _xتدابير سلامة _2aucsh |
|
| 650 | 7 |
_aالزلازل _zالمغرب _zأغادير _2aucsh |
|
| 650 | 7 |
_aالزلازل _zالجزائر _2aucsh |
|
| 650 | 7 |
_aالكوارث _xإدارة _2aucsh |
|
| 650 | 7 |
_aالزلازل _zالمغرب _zأغادير _2aucsh |
|
| 650 | 7 |
_aالزلازل _zالجزائر _2aucsh |
|
| 942 |
_2ddc _cBOOK _n0 |
||
| 949 |
_aSA-JeALM _d251004 _umohamedma123 _n1 |
||
| 999 |
_c12654 _d12654 |
||